| 000 | 00635nam a2200217 u 4500 | ||
|---|---|---|---|
| 005 | 20240228064334.0 | ||
| 008 | 190225s2005 r 000 0 eng d | ||
| 020 | _a9505812531 | ||
| 035 | _aUPN01000229260 | ||
| 049 | _aI | ||
| 050 | 4 |
_aQL737 C4 _bG6.2 |
|
| 100 | 1 |
_aGonzález Riga, Santiago _940093 |
|
| 245 | 1 | 3 |
_aLa ballena y su sonar / _cSantiago González Riga. |
| 260 |
_aBuenos Aires : _bColihue, _c2005. |
||
| 300 |
_a[15] p. : _bil. col. |
||
| 440 | 0 | _aCuentos naturales | |
| 650 | 4 |
_aBALLENAS - _vLITERATURA INFANTIL _925481 |
|
| 650 | 4 |
_aLibros y lectura para niños _92290 |
|
| 905 | _aInfantil | ||
| 999 |
_c201355 _d201355 |
||